Brain rules for baby: (Record no. 8659)

MARC details
000 -LEADER
fixed length control field 02369nam a22002177a 4500
001 - CONTROL NUMBER
control field 8659
003 - CONTROL NUMBER IDENTIFIER
control field FISKH
005 - DATE AND TIME OF LATEST TRANSACTION
control field 20251008160937.0
008 - FIXED-LENGTH DATA ELEMENTS--GENERAL INFORMATION
fixed length control field 251008b cb ||||| |||| 00| 0 eng d
040 ## - CATALOGING SOURCE
Original cataloging agency FISKH
Language of cataloging eng
Transcribing agency FISKH
Modifying agency FISKH
050 ## - LIBRARY OF CONGRESS CALL NUMBER
Classification number HQ755.8
082 ## - DEWEY DECIMAL CLASSIFICATION NUMBER
Classification number 649.1
100 ## - MAIN ENTRY--PERSONAL NAME
Personal name Medina, John
245 ## - TITLE STATEMENT
Title Brain rules for baby:
Remainder of title How to raise a smart and happy child from zero to five /
Statement of responsibility, etc. John Medina
260 ## - PUBLICATION, DISTRIBUTION, ETC.
Place of publication, distribution, etc. Washington :
Name of publisher, distributor, etc. Pear Press,
Date of publication, distribution, etc. 2010.
300 ## - PHYSICAL DESCRIPTION
Extent 294 pages :
Other physical details color illustrations ;
Dimensions 25 cm
520 ## - SUMMARY, ETC.
Summary, etc. What's the single most important thing you can do during pregnancy? What does watching TV do to a child's brain? What's the best way to handle temper tantrums? Scientists know. In his New York Times bestseller Brain Rules, Dr. John Medina showed us how our brains really work, and why we ought to redesign our workplaces and schools. Now, in Brain Rules for Baby, he shares what the latest science says about how to raise smart and happy children from zero to five. This book is destined to revolutionize parenting. Just one of the surprises: The best way to get your children into the college of their choice? Teach them impulse control. Brain Rules for Baby bridges the gap between what scientists know and what parents practice. Through fascinating and funny stories, Medina, a developmental molecular biologist and dad, unravels how a child's brain develops and what you can do to optimize it. You will view your children, and how to raise them, in a whole new light. You'll learn: Where nature ends and nurture begins. Why men should do more household chores. What you do when emotions run hot affects how your baby turns out, because babies need to feel safe above all. TV is harmful for children under 2Your child's ability to relate to others predicts her future math performance. Smart and happy are inseparable. Pursuing your child's intellectual success at the expense of his happiness achieves neither. Praising effort is better than praising intelligence. The best predictor of academic performance is not IQ. It's self-control. What you do right now--before pregnancy, during pregnancy, and through the first five years--will affect your children for the rest of their lives. Brain Rules for Baby is an indispensable guide.
650 ## - SUBJECT ADDED ENTRY--TOPICAL TERM
Topical term or geographic name entry element Brain Development
Form subdivision Parenting
General subdivision Psychology
942 ## - ADDED ENTRY ELEMENTS (KOHA)
Source of classification or shelving scheme Dewey Decimal Classification
Koha item type Books
Suppress in OPAC No
Holdings
Withdrawn status Lost status Source of classification or shelving scheme Damaged status Not for loan Collection Home library Current library Shelving location Date acquired Total Checkouts Full call number Barcode Date last seen Copy number Price effective from Koha item type
    Dewey Decimal Classification     Non-Fiction Footprints International School Library Network Toul Kork Campus Footprints International School Library Network Toul Kork Campus Librarian's Shelf TK 10/08/2025   MED 649.1 HQ755.8 2025-4502 10/08/2025 1 10/08/2025 Books